000 00507nam a2200145Ia 4500
008 170221s9999 xx 000 0 und d
100 _aNurul ‘Aaina Binti Salleh
245 _aExamining the Differences of Gender on Psychological Well-being
245 _cNurul ‘Aaina Binti Salleh, Che Su Mustaffa
260 _bInternational Review of Management and Marketing
260 _cJune 2015
300 _a4:1
650 _xMarketing.
856 _uhttp://www.econjournals.com/index.php/irmm/issue/view/97
999 _c310131
_d310131